Statistiken für Größte deutsche Stadt nach Fluss

Klicken Sie hier um das Quiz zu spielen!

Allgemein

  • Dieses Quiz wurde 521 mal gespielt
  • Das Durchschnittsergebnis liegt bei 13 aus 30

Antwortstatistiken

FlussStadt% Korrekt
ElbeHamburg
99%
RheinKöln
97%
MainFrankfurt
88%
IsarMünchen
86%
Spree/HavelBerlin
85%
WeserBremen
82%
SaarSaarbrücken
81%
NeckarStuttgart
77%
SaaleHalle
75%
RuhrDortmund
67%
MoselKoblenz
61%
DonauRegensburg
57%
LeineHannover
53%
FuldaKassel
44%
LechAugsburg
42%
LahnGießen
29%
InnRosenheim
29%
Weiße ElsterLeipzig
25%
SiegBonn
22%
EmsMünster
20%
OkerBraunschweig
16%
Kinzig (Hessen)Hanau
16%
AllerWolfsburg
16%
IllerUlm
13%
WerraEisenach
12%
LippeHamm
12%
MuldeZwickau
10%
KocherAalen
6%
Kinzig (BW)Offenburg
6%
UnstrutMühlhausen
5%

Verteilung der Resultate

Perzentil nach korrekt beantworteten Fragen

Anzahl Personen mit jedem Resultat

Ihre Resultats-Entwicklung

Sie haben dieses Quiz noch nicht gespielt